Liberales y Conservadores. Conferencias dictadas en el Centro Conservador de Chillán. Año de 1917.

Sparad:
Bibliografiska uppgifter
Huvudupphovsman: Tagle Rodríguez, Enrique (autor)
Materialtyp: Bok
Språk:spanska
Publicerad: Santiago, Chile: Imprenta Universitaria 1917.
Ämnen:
Taggar: Lägg till en tagg
Inga taggar, Lägg till första taggen!

MARC

LEADER 00000nam a2200000 a 4500
001 UCJ5340
003 CL-VaPUC
005 20220822114356.0
008 070124e19170000CL |||||||||||||||||spa|d
999 |c 321450  |d 321448 
040 |c Pontificia Universidad Católica de Valparaíso 
082 0 4 |a 983 TAG 1997   |2 21 
100 0 |a Tagle Rodríguez, Enrique  |e autor  |9 510414 
245 1 0 |a Liberales y Conservadores.   |b Conferencias dictadas en el Centro Conservador de Chillán. Año de 1917. 
260 |a Santiago, Chile:   |b Imprenta Universitaria  |c 1917.  
300 |a VIII, 224 páginas.  
500 |a c.2 Donación Familia Prof. Alejandro Guzmán Brito.  
583 |a last modification  |c 20070124 00:00:00  |k Rodrigo Vera 
650 0 |a Partidos políticos  |9 254999  |x Conservador  |x Liberal   |z Chile 
650 0 |a Discursos   |9 265028 
942 |c BK  |2 ddc  |n 0 
945 |d 20070124 00:00:00  |a rinostro 
952 |0 0  |1 0  |4 0  |6 983_000000000000000_TAG_1917  |7 0  |8 X  |9 400190  |a FDOBUD  |b FDOBUD  |d 2019-11-22  |i 1033344  |o 983 TAG 1917  |p 1033344  |r 2019-11-22  |w 2019-11-22  |y BK_X  |k BUD 
952 |0 0  |1 0  |2 ddc  |4 0  |6 983_000000000000000_TAG_1997  |7 1  |8 C_AGB  |9 580003  |a BIBDER  |b BIBDER  |d 2022-01-03  |e Donación   |i 5633176  |o 983 TAG 1997  |p 5633176  |r 2023-01-25  |t 2  |w 2022-01-03  |y BK_US  |k AGB